000 00496nam a2200169 i 4500
001 86685
003 ES-MaACL
005 20230906175513.0
007 t|
008 041215s1960 sp ||||1| spa d
100 1 _aKing, Alexander.
_968048
245 1 0 _aMi enemigo envejece /
_cAlexander King ; traducción por Pedro Maynó Castilla.
250 _a1ª ed.
260 _a[Barcelona :
_bGrijalbo,
_c1960] (
_fMariano Galve)
300 _a354 p. ;
_c20 cm.
852 _aES-MaACL
_jC-19676
_bR.46573
999 _c86685
_d86685